Footballeurs en L (par images). - Statistiques

Statistiques générales
  • Ce quiz a été pris 792 fois
  • Le résultat moyen est 13 sur 20
Statistiques - réponses
Par images Réponse % Correct
Hugo Lloris
100%
Alexandre Lacazette
97%
Robert Lewandowski
97%
Philipp Lahm
95%
Romelu Lukaku
95%
David Luiz
91%
Frank Lampard
91%
Bixente Lizarazu
85%
Lucas
85%
Ezequiel Lavezzi
73%
Bernard Lama
57%
Mickaël Landreau
54%
Gary Lineker
46%
Michael Laudrup
41%
Frank Leboeuf
36%
Leonardo
32%
Henrik Larsson
31%
Jari Litmanen
28%
Peguy Luyindula
25%
Denis Law
7%
Aucun quiz correspondant
Distribution des résultats
% des personnes avec chaque résultat
Percentile par nombre de réponses
Votre historique - résultats
Vous n’avez pas pris ce quiz